000 00493nam a2200181Ia 4500
008 151018s9999 xx 000 0 und d
082 _bRBASDV5184
_a891.463
100 _aउद्धव शेळके
245 _aधग
250 _b1
260 _bपॉप्युलर बुक डेपो
_c1960
300 _a274
600 _aउद्धव शेळके
630 _aधग
700 _aउद्धव शेळके
730 _aधग
942 _cBOOK
999 _c1007567
_d1007564